Tres poemes / (Record no. 196500)

MARC details
000 -LEADER
campo de control de longitud fija 01143nam a2200313 i 4500
001 - NÚMERO DE CONTROL
campo de control 196500
003 - IDENTIFICADOR DE NÚMERO DE CONTROL
campo de control ES-MaACL
005 - FECHA Y HORA DE LA ÚLTIMA TRANSACCIÓN
campo de control 20250713063731.0
007 - CAMPO FIJO DE DESCRIPCIÓN FÍSICA--INFORMACIÓN GENERAL
campo de control de longitud fija ta
008 - DATOS DE LONGITUD FIJA--INFORMACIÓN GENERAL
campo de control de longitud fija 241003b1978 sp ||||| |||| 00| 0 cat d
017 ## - NÚMERO DE COPYRIGHT O DE DEPÓSITO LEGAL
Número de copyright o de depósito legal 38.663-1978
Agencia que asigna ES-MaACL
040 ## - FUENTE DE CATALOGACIÓN
Lengua de catalogación spa
Centro/agencia transcriptor ES-MaACL
Centro/agencia modificador ES-MaACL
100 1# - ENTRADA PRINCIPAL--NOMBRE DE PERSONA
Nombre de persona Sagarra, Josep M. de,
Fechas asociadas al nombre 1894-1961
Término indicativo de función/relación Autor
9 (RLIN) 101415
245 ## - MENCIÓN DEL TÍTULO
Título Tres poemes /
Mención de responsabilidad, etc. de Josep Maria de Sagarra ; [dibuixos de R. Giralt Miracle]
260 ## - PUBLICACIÓN, DISTRIBUCIÓN, ETC.
Lugar de publicación, distribución, etc. Barcelona :
Nombre del editor, distribuidor, etc. Filograf,
Fecha de publicación, distribución, etc. 1978
300 ## - DESCRIPCIÓN FÍSICA
Extensión 18 p. :
Otras características físicas il. col. ;
Dimensiones 30 x 13 cm
336 ## - TIPO DE CONTENIDO
Fuente rdacontent
Término de tipo de contenido texto
337 ## - TIPO DE MEDIO
Fuente rdamedia
Nombre/término del tipo de medio sin mediación
338 ## - TIPO DE SOPORTE
Fuente rdacarrier
Nombre/término del tipo de soporte volumen
505 ## - NOTA DE CONTENIDO CON FORMATO
Nota de contenido con formato Nit de Nadal; Cançó de rem i de vela; Vinyes verdes vora el mar
655 #7 - TERMINO DE INDIZACIÓN--GENERO/FORMA
Fuente del término tgfbne
9 (RLIN) 176539
Datos o término principal de género/forma Poesías
700 ## - ENTRADA AGREGADA--NOMBRE PERSONAL
Nombre de persona Giralt Miracle, R
9 (RLIN) 239011
Término indicativo de función/relación Ilustrador
852 ## - LOCALIZACIÓN
Ubicación ES-MaACL
Ubicación en estantería Depósito folletos
Número de control de estantería FOLL-BUE-9
Donativo/Legado Legado: Antonio Buero Vallejo
itemnumber 204216
903 ## - NOMBRE PERSONAL DE DONANTE
9 32421
a Buero Vallejo, Antonio,
q 1
d 1916-2000
e Donante
942 ## - ELEMENTOS DE ENTRADA SECUNDARIOS (KOHA)
Suprimir en OPAC No
Tipo de ítem Koha Folleto
Holdings
Estatus retirado Estado de pérdida Fuente del sistema de clasificación o colocación Estado de daño No para préstamo Colección Biblioteca de origen Biblioteca actual Ubicación en estantería Fecha de adquisición Fuente de adquisición Total de préstamos Signatura topográfica completa Código de barras Visto por última vez Precio de reemplazo Tipo de ítem Koha
    Clasificación decimal universal     Colección de folletos Biblioteca del Ateneo de Madrid Biblioteca del Ateneo de Madrid Depósito folletos 03/10/2024 Legado   FOLL-BUE-9 101229039 03/10/2024 03/10/2024 Folleto